LEADER 01055nam a2200253 i 4500 001 000000251393 003 CaOOAMICUS 005 20161110000000.0 008 161110s1970 it u000 u eng u 013 $a230298 020 $a0-486-22372-8 040 $aSeMil$bita 100 1 $aMozart, Wolfgang Amadeus <1756-1791>.$0(OLS)http://semarc/name/4105 245 10$aComplete string quartets /$cWolfgang Amadeus Mozart. 250 $aFrom the Breitkopf & Härtel Complete Works Edition. 260 $aNew York :$bDover Publications,$c1970. 300 $a1 partitura (277 p.) ;$c31 cm. 650 4$aMozart, Wolfgang Amadeus <1756-1791> - Opere.$0(OLS)http://semarc/subject/1290 850 $aSeMil 852 $aSeMil$W1$xVenegono$y1$m3Q VI 98$j201739$B201739$CSeMilBibl$Z2$F214055 $81 961 $aOmaggio: Colombo don Alberto 996 $6020$a0-486-22372-8$9(OLS)http://semarc/number/262273 996 $6245$aComplete string quartets$9(OLS)http://semarc/title/353602 996 $6260$aNew York :$bDover Publications$9(OLS)http://semarc/publisher/36227 LEADER 00913nam a2200229 i 4500 001 000000202821 003 CaOOAMICUS 005 20251230114612.0 008 110606s1969 it u000 u ita u 013 $a181532 040 $aSeMil$bita 100 1 $aMastellone, Salvo <1920-2012>.$0(OLS)http://semarc/name/53093 245 14$aUno scritto poco conosciuto di Francesco Luigi Ferrari /$cSalvo Mastellone. 260 $aFirenze :$bLeo S. Olschki,$c1969. 300 $aP. [255]-261 ;$c24 cm. 500 $aEstratto da : Il pensiero politico 1969, Anno 2., n. 2. 850 $aSeMil 852 $aSeMil$W1$xVenegono$y1$m5D VIII 21/19$j153320$B153320$CSeMilBibl$Z2$F164298 $81 961 $aOmaggio: Altro 996 $6245$aUno scritto poco conosciuto di Francesco Luigi Ferrari$9(OLS)http://semarc/title/293570 996 $6260$aFirenze :$bLeo S. Olschki$9(OLS)http://semarc/publisher/29957